<?xml version="1.0" encoding="UTF-8"?>
<collection xmlns="http://www.loc.gov/MARC21/slim">
    <record>
        <controlfield tag="001">78454</controlfield>
        <controlfield tag="005">20190326115336.0</controlfield>
        <datafield tag="037" ind1=" " ind2=" ">
            <subfield code="a">TAZ-TFM-2018-105</subfield>
        </datafield>
        <datafield tag="041" ind1=" " ind2=" ">
            <subfield code="a">spa</subfield>
        </datafield>
        <datafield tag="100" ind1="1" ind2=" ">
            <subfield code="a">Pascual Macaya, Ana</subfield>
        </datafield>
        <datafield tag="242" ind1="0" ind2="0">
            <subfield code="a">Psychological wellbeing, Health and Perceived quality of life in institutionalized elderly</subfield>
        </datafield>
        <datafield tag="245" ind1="0" ind2="0">
            <subfield code="a">Bienestar psicológico, salud y calidad de vida percibida en personas mayores institucionalizadas</subfield>
        </datafield>
        <datafield tag="260" ind1=" " ind2=" ">
            <subfield code="a">Zaragoza</subfield>
            <subfield code="b">Universidad de Zaragoza</subfield>
            <subfield code="c">2018</subfield>
        </datafield>
        <datafield tag="506" ind1=" " ind2=" ">
            <subfield code="a">by-nc-sa</subfield>
            <subfield code="b">Creative Commons</subfield>
            <subfield code="c">3.0</subfield>
            <subfield code="u">http://creativecommons.org/licenses/by-nc-sa/3.0/</subfield>
        </datafield>
        <datafield tag="520" ind1=" " ind2=" ">
            <subfield code="a">Según los datos publicados por el Instituto Nacional de Estadística (INE), a 1 de enero de 2017 había 1.307.395 personas residiendo en Aragón, 1.168 menos que un año atrás, lo que supone una disminución del 0,1% de la población, siendo una de las menores del país.  Es de gran importancia conocer la salud y bienestar psicológico en personas mayores que están institucionalizadas para mejorar su calidad de vida en la última etapa vital. El objetivo general es conocer la Salud Percibida, el Bienestar Psicológico y la Calidad de vida percibida en personas mayores de 65 años residentes en los centros geriátricos “Hogar Doz” de Tarazona y el IASS de Borja durante el primer trimestre de 2018 y la relación de cada una de ellas con las variables sexo, edad, estado civil y estudios académicos. Se realizó un estudio descriptivo de corte transversal de personas mayores residentes en ambos centros geriátricos durante el primer trimestre de 2018 a través de un cuestionario diseñado para este estudio. En el cual se preguntó sobre cuestiones sociodemográficas, Salud Percibida, Calidad de Vida Percibida y se aplicó la escala de Bienestar Psicológico de Ryff.  De los 49 residentes entrevistados, existió una elevada proporción de personas mayores institucionalizadas que presentaron una Salud y Calidad de Vida Percibida buena. La percepción de forma positiva de la salud fue mayor en mujeres, los individuos de edades entre 65-75 años y mayores de 86 años, las personas viudas y aquellas sin estudios académicos. Además, la percepción de la calidad de vida de forma positiva por sexos fue mejor entre las mujeres y en cuanto a la edad, los mayores de 86 años. Según el estado civil las personas solteras y aquellos individuos sin estudios. También se afirma que a medida que aumenta la edad aumenta también el conocimiento y la aceptación del yo y por tanto los aspectos positivos y negativos sobre la propia vida, es decir, aumenta la autoaceptación de cada persona. Para concluir, la mayoría de las personas mayores institucionalizadas de las Residencias “Hogar Doz” de Tarazona e IASS de Borja presentaron una buena Salud y calidad de vida percibida además de un bienestar psicológico satisfactorio. De este modo se manifiesta que los cuidados profesionales en ambos centros residenciales son los adecuados. Palabras clave: personas mayores, institucionalización, bienestar psicológico, salud percibida, calidad de vida percibida.</subfield>
        </datafield>
        <datafield tag="521" ind1=" " ind2=" ">
            <subfield code="a">Máster Universitario en Gerontología Social</subfield>
        </datafield>
        <datafield tag="540" ind1=" " ind2=" ">
            <subfield code="a">Derechos regulados por licencia Creative Commons</subfield>
        </datafield>
        <datafield tag="700" ind1=" " ind2=" ">
            <subfield code="a">Bueno Lozano, Manuel</subfield>
            <subfield code="e">dir.</subfield>
        </datafield>
        <datafield tag="700" ind1=" " ind2=" ">
            <subfield code="a">Tomás Aznar, Concepción</subfield>
            <subfield code="e">dir.</subfield>
        </datafield>
        <datafield tag="710" ind1="2" ind2=" ">
            <subfield code="a">Universidad de Zaragoza</subfield>
            <subfield code="b">Fisiatría y Enfermería</subfield>
            <subfield code="c">Enfermería</subfield>
        </datafield>
        <datafield tag="856" ind1="0" ind2=" ">
            <subfield code="f">613605@celes.unizar.es</subfield>
        </datafield>
        <datafield tag="856" ind1="4" ind2=" ">
            <subfield code="s">692062</subfield>
            <subfield code="u">http://zaguan.unizar.es/record/78454/files/TAZ-TFM-2018-105.pdf</subfield>
            <subfield code="y">Memoria (spa)</subfield>
        </datafield>
        <datafield tag="909" ind1="C" ind2="O">
            <subfield code="o">oai:zaguan.unizar.es:78454</subfield>
            <subfield code="p">driver</subfield>
            <subfield code="p">trabajos-fin-master</subfield>
        </datafield>
        <datafield tag="950" ind1=" " ind2=" ">
            <subfield code="a"></subfield>
        </datafield>
        <datafield tag="951" ind1=" " ind2=" ">
            <subfield code="a">deposita:2019-03-26</subfield>
        </datafield>
        <datafield tag="980" ind1=" " ind2=" ">
            <subfield code="a">TAZ</subfield>
            <subfield code="b">TFM</subfield>
            <subfield code="c">EUCS</subfield>
        </datafield>
        <datafield tag="999" ind1=" " ind2=" ">
            <subfield code="a">20180612174411.CREATION_DATE</subfield>
        </datafield>
    </record>

    
</collection>